[Event "Barquisimeto Fide Arbiter"]
[Site "Barquisimeto"]
[Date "2020.02.08"]
[Round "5.1"]
[White "Romero Marino, Samuel David"]
[Black "Torres Lucena, Iran"]
[Result "1-0"]
[WhiteElo "1811"]
[BlackElo "1535"]
[PlyCount "77"]
[EventDate "2020.02.07"]
[EventType "schev"]
[EventRounds "7"]
[EventCountry "VEN"]
[SourceTitle "EXT 2021"]
[Source "ChessBase"]
[SourceDate "2020.10.23"]
[SourceVersion "1"]
[SourceVersionDate "2020.10.23"]
[SourceQuality "1"]
[WhiteTeam "Robert Fischer CC"]
[BlackTeam "Orianita Aponte Academia"]
[WhiteTeamCountry "VEN"]
[BlackTeamCountry "VEN"]

1. e4 c5 2. Nf3 Nc6 3. d4 cxd4 4. Nxd4 Nf6 5. Nc3 e5 6. Ndb5 d6 7. Bg5 a6 8. Na3 b5 9. Bxf6 gxf6 10. Nd5 f5 11. Bxb5 axb5 12. Nxb5 Ra4 13. Nbc7+ Kd7 14. 0-0 Rxe4 15. Qh5 Ne7 16. Qxf7 Kc6 17. b4 Nxd5 18. b5+ Kb7 19. Nxd5+ Qd7 20. Qxd7+ Bxd7 21. Nf6 Bxb5 22. Rfb1 Kc6 23. Nxe4 fxe4 24. a4 Bc4 25. a5 d5 26. Rb8 Bg7 27. Rxh8 Bxh8 28. a6 Bxa6 29. Rxa6+ Kb5 30. Rh6 d4 31. Rxh7 Bf6 32. Kf1 d3 33. cxd3 exd3 34. f3 Kc4 35. Ke1 Kd4 36. Rf7 Bg5 37. Rf5 Bd8 38. Kd1 Ba5 39. f4 1-0

[Event "Barquisimeto Fide Arbiter"]
[Site "Barquisimeto"]
[Date "2020.02.08"]
[Round "4.1"]
[White "Torres Lucena, Iran"]
[Black "Pena Gonzalez, Clara Isabel"]
[Result "0-1"]
[WhiteElo "1535"]
[BlackElo "1800"]
[PlyCount "72"]
[EventDate "2020.02.07"]
[EventType "schev"]
[EventRounds "7"]
[EventCountry "VEN"]
[SourceTitle "EXT 2021"]
[Source "ChessBase"]
[SourceDate "2020.10.23"]
[SourceVersion "1"]
[SourceVersionDate "2020.10.23"]
[SourceQuality "1"]
[WhiteTeam "Orianita Aponte Academia"]
[BlackTeam "Robert Fischer CC"]
[WhiteTeamCountry "VEN"]
[BlackTeamCountry "VEN"]

1. e4 c5 2. Nf3 Nc6 3. d4 cxd4 4. Nxd4 g6 5. Be3 Bg7 6. c4 Nf6 7. Nc3 0-0 8. Be2 Qa5 9. 0-0 d6 10. Nb3 Qd8 11. f3 Be6 12. Rc1 Rc8 13. Nd2 Ne5 14. b3 Qa5 15. Rf2 a6 16. Na4 Ned7 17. Nf1 b5 18. Bd2 Qd8 19. cxb5 axb5 20. Bxb5 d5 21. Bxd7 Bxd7 22. Rxc8 Bxc8 23. exd5 Nxd5 24. Qc1 Bd4 25. Ne3 Ba6 26. Nc3 Nf4 27. Ng4 Nd3 28. Qc2 Qb6 29. Nd5 Bxf2+ 30. Kh1 Qe6 31. Nh6+ Kh8 32. Bc3+ f6 33. Nc7 Qc6 34. Nxa6 Qxa6 35. Qe2 Bc5 36. Ng4 Nf2+ 0-1